Statistiques concernant Géographie physique aléatoire sur une carte du Monde

Cliquez ici pour prendre le quiz!

Statistiques générales

  • Ce quiz a été pris 4 549 fois
  • Le résultat moyen est 17 sur 50

Réponses sur la Carte

Les réponses sont colorées sur une échelle allant du rouge au vert en fonction du pourcentage des utilisateurs qui les ont devinées à leur premier essai. Vous pouvez retrouver ces pourcentages ci-dessous.
 

Statistiques - réponses

% Correct
Nouvelle-Zélande
87%
Nil
85%
Alpes
83%
Archipel Japonais
83%
Islande
81%
Philippines
81%
Amazone
80%
Loire
80%
Cordillère des Andes
79%
Iles Lucayes
78%
Pyrénées
78%
Rhin
78%
Danube
75%
Cap-Vert
74%
Corse
73%
Iles Canaries
73%
Sri-Lanka
73%
Mississippi
71%
Oural
67%
Chypre
66%
Congo
66%
Hawaii
66%
Himalaya
65%
Iles Baléares
65%
Maldives
65%
Sardaigne
65%
Irlande
63%
Cuba
62%
Seychelles
61%
Sicile
61%
Caucase
59%
Tasmanie
59%
Archipel des Comores
58%
Iles Salomon
58%
Madagascar
58%
Rio Grande
58%
Hispaniola
57%
Jamaïque
57%
Niger
57%
Volga
57%
Atlas
56%
Montagnes Rocheuses
54%
Lac Victoria
53%
Crête
51%
Iles Fidji
51%
Taiwan
51%
Açores
50%
Iles Féroé
50%
Sénégal
50%
Mer Caspienne
49%
Amour
47%
Bornéo
47%
Mékong
47%
Gange
46%
Grande-Bretagne
46%
Iles Galápagos
45%
Iles Samoa
45%
Lac Baïkal
45%
Lac Supérieur
45%
Tigre
45%
Appalaches
44%
Iles Malouines
44%
Missouri
44%
Fleuve Saint-Laurent
42%
Lac Léman
42%
Zambèze
41%
Bermudes
40%
Euphrate
40%
Lac Michigan
40%
Terre de Feu
40%
Colorado
39%
Java
39%
Nil Bleu
39%
Vanuatu
39%
Hokkaido
38%
Madère
38%
Terre-Neuve
37%
Grandes Antilles
36%
Loch Ness
36%
Nouvelle-Guinée
36%
Sumatra
36%
Indus
35%
Fleuve Jaune
34%
Petites Antilles
34%
Tage
34%
Lac Malawi
32%
Honshu
31%
Lac Titicaca
31%
Nouvelle-Calédonie
31%
Ohio
31%
Yangzi Jiang
31%
Carpates
29%
Dniepr
29%
Ile de Vancouver
29%
Lac Erie
29%
Lac Huron
29%
Serra do Mar
29%
Vistule
29%
Ile du Nord
28%
Ile Victoria
28%
Orange
28%
Rio Uruguay
28%
Sakhaline
28%
Lac Maracaibo
27%
Alpes du Sud
26%
Apennins
25%
Cyclades
25%
Ile du Sud
25%
Porto Rico
25%
Yukon
25%
Célèbes
24%
Grand Lac Salé
24%
Lac Ontario
24%
Léna
24%
Rio Parana
23%
Brahmapoutre
22%
Lac de Van
22%
Ob
22%
Sierra Nevada
22%
Timor
22%
Grand lac des Esclaves
21%
Mer d'Aral
21%
Arkansas
20%
Lac Tchad
20%
Mer Morte
20%
Hainan
19%
Ienissei
19%
Luçon
19%
Rio Paraguay
19%
Rivière des Perles
19%
Socotra
19%
Iles Aléoutiennes
18%
Iles Andaman
18%
Iles Britanniques
18%
Orénoque
18%
Ile de Baffin
17%
Lac Nicaragua
17%
Chaîne d'Alaska
16%
Cordillère Australienne
16%
Iles Lofoten
16%
Grand lac de l'Ours
15%
Iles Mariannes
15%
Lac Tanganyika
15%
Massif Ethiopien
15%
Shikoku
15%
Archipel Finlandais
14%
Gotland
14%
Kyushu
14%
Long Island
14%
Mackenzie
14%
Murray
14%
Nouvelle-Zemble
14%
Alpes Scandinaves
13%
Columbia
13%
Lac de Constance
13%
Mascareignes
13%
Rio Negro
13%
Lac Ladoga
12%
Lac Nasser
12%
Lac Winnipeg
12%
Amou-Daria
11%
Chaîne des Cascades
11%
Iles de la Sonde
10%
Iles Kouriles
10%
Irtych
10%
Monts Taurus
10%
Rio Madeira
10%
Irrawaddy
9%
Lac Rose
9%
Lac Volta
9%
Mindanao
9%
Monts Zagros
9%
Syr-Daria
9%
Chaîne Brooks
8%
Drakensberg
8%
Hindou Kouch
8%
Ile du Cap-Breton
8%
Lac de Tibériade
8%
Laquedives
8%
Archipel Arctique
7%
Elbourz
7%
Halmahera
7%
Hoggar
7%
Lac Balaton
7%
Lac Balkhach
7%
Lac de Garde
7%
Nouvelle-Bretagne
7%
Alpes dinariques
6%
Rio Tocantins
6%
Sierra Madre
6%
Altaï
5%
Céram
5%
Pamir
5%
Archipel Alexandre
4%
Archipel Bismarck
4%
Ile Kodiak
4%
Karakoram
4%
Lac Eyre
4%
Lac Pontchartrain
4%
Lac Saint-Jean
4%
Lac Toba
4%
Moluques
4%
Tian Shan
4%
Chaîne pontique
3%
Cordillère du Kunlun
3%
Issyk-Koul
3%
Lac Athabasca
3%
Lac Kariba
3%
Lac Okeechobee
3%
Palawan
3%
Anticosti
2%
Tibesti
2%
Lac Onega
1%
Lac Peïpous
1%
Lac Vänern
1%
Lac Biwa
0%
Lac d'Ohrid
0%
Lac Qinghai
0%
Lac Saimaa
0%
Lac Turkana
0%
Tonlé Sap
0%

Distribution des résultats

Percentile par nombre de réponses

% des personnes avec chaque résultat

Votre développement - résultats

Vous n’avez pas pris ce quiz